000
00370nam a2200145Ia 4500
008
100122s9999 xx 000 0 und d
082
_b
41513
_a
823
100
_a
तिबिले अनंत
245
_a
धडक
260
_b
अरुंधती प्रकाशन
_c
1988
300
_a
223
630
_a
धडक
730
_a
धडक
942
_c
BOOK
999
_c
422131
_d
422128